The Oxford school harmony course
Guardat en:
| Autor principal: | |
|---|---|
| Format: | Llibre |
| Idioma: | anglès |
| Publicat: |
Londres
Oxford University
1960
|
| Matèries: | |
| Etiquetes: |
Afegir etiqueta
Sense etiquetes, Sigues el primer a etiquetar aquest registre!
|
MARC
| LEADER | 00000nam a2200000 a 4500 | ||
|---|---|---|---|
| 001 | UCN2652 | ||
| 003 | CL-VaPUC | ||
| 008 | 010531e19600000UK |||||||||||||||||eng|d | ||
| 082 | 0 | 4 | |a 781.2507 |b DEN |2 21 |
| 100 | 0 | |a Denny, James |e author |9 458754 | |
| 245 | 1 | 4 | |a The Oxford school harmony course |
| 300 | |a v | ||
| 942 | |c BK | ||
| 945 | |d 20010531 00:00:00 |a crobeson | ||
| 260 | |a Londres |b Oxford University |c 1960 | ||
| 650 | 0 | |a Armonía |9 306328 | |
| 650 | 0 | |a Música estudio e instrucción |9 306355 | |
| 650 | 0 | |a Elementos musicales |9 306544 | |
| 650 | 0 | |a Teoría musical |9 265760 | |
| 650 | 0 | |a Acordes |9 456861 | |
| 650 | 7 | |a ESCALAS MUSICALES |2 CL-VaPUC |9 323939 | |
| 583 | |a last modification |c 20010531 00:00:00 |k Rodrigo Vera | ||
| 999 | |c 295707 |d 295705 | ||
| 952 | |0 0 |1 0 |4 0 |6 781_250700000000000_DEN_1960 |7 0 |8 A |9 349024 |a BIBEDU |b BIBEDU |d 2019-11-20 |h v.1 |i 1184849 |o 781.2507 DEN 1960 |p 1184849 |r 2023-01-12 |w 2019-11-20 |y BK |k MUS | ||
| 952 | |0 0 |1 0 |4 0 |6 781_250700000000000_DEN_1960 |7 0 |8 A |9 349025 |a BIBEDU |b BIBEDU |d 2019-11-20 |h v.2 |i 1184857 |o 781.2507 DEN 1960 |p 1184857 |r 2023-01-12 |w 2019-11-20 |y BK |k MUS | ||